|
|
|
|
| LEADER |
00000nam0a2200000 4500 |
| 001 |
269602 |
| 005 |
20231101234253.0 |
| 010 |
|
|
|a 5699167129
|
| 035 |
|
|
|a (RuTPU)RU\TPU\book\292779
|
| 090 |
|
|
|a 269602
|
| 100 |
|
|
|a 20140919d2006 m y0rusy50 ca
|
| 101 |
0 |
|
|a rus
|
| 102 |
|
|
|a RU
|
| 105 |
|
|
|a y z 000ay
|
| 200 |
1 |
|
|a Жизнь и судьба
|e роман
|f В. Гроссман
|
| 210 |
|
|
|a Москва
|c Эксмо
|d 2006
|
| 215 |
|
|
|a 912 с.
|
| 225 |
1 |
|
|a Красная книга русской прозы
|
| 330 |
|
|
|a Роман "Жизнь и судьба" стал второй книгой Сталинградской дилогии В.Гроссмана. Он был написан в 1960 году, отвергнут советской печатью и изъят органами КГБ. Чудом сохраненный экземпляр был впервые опубликован в Швейцарии в 1980, а затем и в России.
|
| 606 |
1 |
|
|a Русская литература современная
|2 stltpush
|3 (RuTPU)RU\TPU\subj\26373
|9 50316
|
| 610 |
1 |
|
|a проза
|
| 610 |
1 |
|
|a романы
|
| 675 |
|
|
|a Р2
|v 3
|
| 700 |
|
1 |
|a Гроссман
|b В.
|g Василий Семенович
|
| 801 |
|
1 |
|a RU
|b 63413507
|c 20140919
|
| 801 |
|
2 |
|a RU
|b 63413507
|c 20140926
|g RCR
|
| 942 |
|
|
|c BK
|